000 00656nam a2200241Ia 4500
003 OSt
005 20220918214030.0
006 a|||||r|||| 00| 0
007 ta
008 220917b |||||||| |||| 00| 0 eng d
024 _a135,592
037 _cTextual
040 _aARTS
_cARTS
_beng
041 _2eng
_aeng
082 _aX428.2.N50<-L00, N2
100 _aBanga Indu Ed
245 0 _aPorts and their Hinterlands in India 1700-1950
260 _aNew Delhi
_bManohar
_c1992
300 _axiv, 385p. maps
_ccm.
650 _aECONOMICS
942 _hX428.2.N50<-L00, N2
_cTEXL
_2CC
999 _c258684
_d258684